000 00310nam a2200121Ia 4500
005 20251222144751.0
008 251222s9999||||xx |||||||||||||| ||spa||
082 _a792.185/S71
100 _aSotomayor Roggero, Carmela
245 0 _aPanorama y Tendencias del Teatro Peruano
264 _bCONCYTEC
942 _cLIB
999 _c19333
_d19333